Numerical Simulation of Methane Under Phase Transfer Conditions with its Real Properties; European Physical Journal Web of Conferences (EPJ Web of Conferences); Vol. 110 : Thermophysical Basis of Energy Technologies
| Parent link: | European Physical Journal Web of Conferences (EPJ Web of Conferences) Vol. 110 : Thermophysical Basis of Energy Technologies.— 2016.— [01011, 5 p.] |
|---|---|
| 団体著者: | |
| その他の著者: | , , , |
| 要約: | Title screen The technique and results of calculation of parameters of the flow of methane in single and two-phase state is discussed. The flow is described by the one-dimensional non-stationary equations of a continuous medium. Is taken into account the processes of friction, heat transfer and phase transitions. The results of the application of various schemes of numerical integration of the equations are discussed. |
| 言語: | 英語 |
| 出版事項: |
2016
|
| 主題: | |
| オンライン・アクセス: | http://dx.doi.org/10.1051/epjconf/201611001011 http://earchive.tpu.ru/handle/11683/33416 |
| フォーマット: | 電子媒体 図書の章 |
| KOHA link: | https://koha.lib.tpu.ru/cgi-bin/koha/opac-detail.pl?biblionumber=647637 |
MARC
| LEADER | 00000nla2a2200000 4500 | ||
|---|---|---|---|
| 001 | 647637 | ||
| 005 | 20240123095858.0 | ||
| 035 | |a (RuTPU)RU\TPU\network\12783 | ||
| 035 | |a RU\TPU\network\12782 | ||
| 090 | |a 647637 | ||
| 100 | |a 20160419a2016 k y0engy50 ba | ||
| 101 | 0 | |a eng | |
| 105 | |a y z 100zy | ||
| 135 | |a drgn ---uucaa | ||
| 181 | 0 | |a i | |
| 182 | 0 | |a b | |
| 200 | 1 | |a Numerical Simulation of Methane Under Phase Transfer Conditions with its Real Properties |f B. V. Borisov [et al.] | |
| 203 | |a Text |c electronic | ||
| 300 | |a Title screen | ||
| 320 | |a [References: 4 tit.] | ||
| 330 | |a The technique and results of calculation of parameters of the flow of methane in single and two-phase state is discussed. The flow is described by the one-dimensional non-stationary equations of a continuous medium. Is taken into account the processes of friction, heat transfer and phase transitions. The results of the application of various schemes of numerical integration of the equations are discussed. | ||
| 461 | 0 | |0 (RuTPU)RU\TPU\network\7958 |t European Physical Journal Web of Conferences (EPJ Web of Conferences) | |
| 463 | 0 | |0 (RuTPU)RU\TPU\network\12773 |t Vol. 110 : Thermophysical Basis of Energy Technologies |o Proceedings of the Conference, October 13-15, 2015, Tomsk, Russia |f National Research Tomsk Polytechnic University (TPU) ; eds. G. V. Kuznetsov [et al.] |v [01011, 5 p.] |d 2016 | |
| 610 | 1 | |a электронный ресурс | |
| 610 | 1 | |a труды учёных ТПУ | |
| 610 | 1 | |a численное моделирование | |
| 610 | 1 | |a метан | |
| 610 | 1 | |a нестационарные уравнения | |
| 610 | 1 | |a трение | |
| 610 | 1 | |a теплообмен | |
| 610 | 1 | |a фазовые переходы | |
| 610 | 1 | |a численное интегрирование | |
| 701 | 1 | |a Borisov |b B. V. |c Specialist in the field of thermal engineering |c Professor of Tomsk Polytechnic University, Doctor of physical and mathematical sciences |f 1954- |g Boris Vladimirovich |3 (RuTPU)RU\TPU\pers\32419 |9 16368 | |
| 701 | 1 | |a Bondarchuk |b S. S. |g Sergey | |
| 701 | 1 | |a Skryabinsky |b D. O. |g Dimitrii | |
| 701 | 1 | |a Striha |b V. S. |g Victorya | |
| 712 | 0 | 2 | |a Национальный исследовательский Томский политехнический университет (ТПУ) |b Энергетический институт (ЭНИН) |b Кафедра теоретической и промышленной теплотехники (ТПТ) |3 (RuTPU)RU\TPU\col\18679 |
| 801 | 2 | |a RU |b 63413507 |c 20161121 |g RCR | |
| 856 | 4 | |u http://dx.doi.org/10.1051/epjconf/201611001011 | |
| 856 | 4 | 0 | |u http://earchive.tpu.ru/handle/11683/33416 |
| 942 | |c CF | ||